000 00743nam a2200241Ia 4500
008 191130s2005##################000#0#eng##
020 _a9780745322919
022 _a2005281341
040 _aACL
_cACL
082 _a320.54 NAI
100 _aNairn, Tom
245 _aGlobal matrix : nationalism, globalism and state-terrorism
_cTom Nairn and Paul James
260 _aLondon
_bPluto Press
_cc2005
300 _ax, 304 p. : ill. ; 24 cm
500 _aIncludes bibliographical references (p. 262-286) and index
650 _aNationalism
650 _aState-sponsored terrorism
650 _aTerrorism and globalization
700 _aJames, Paul
990 _a7bd5599bac10000c787ed687691e00cf
991 _a191587
999 _c195335
_d195335